000 00238nam a2200097Ia 4500
001 709355
005 20250826162545.0
008 250824s9999 xx 000 0 und d
245 0 _aCAFFAR USTA
_cKERİM AYDIN ERDEM
260 _bMARTI YAYINLARI
999 _c709355
_d709355